| 000 | 00673nam a2200193 a 4500 | ||
|---|---|---|---|
| 001 | 000039692 | ||
| 005 | 20201002033701.0 | ||
| 008 | 130716s2012 dr 000 0 spa d | ||
| 020 | _a9789945491036 | ||
| 040 |
_aDO-SdBNP _bspa _cBNPHU |
||
| 100 | 1 |
_aRosa Carpio, Ramón Benito de la _965449 |
|
| 245 | 1 | 0 |
_aRenovación carismática : _bsé fiel a ti misma madura y organizate / _cRamón Benite de la Rosa y Carpio. |
| 250 | _a2a ed. | ||
| 260 |
_aSantiago de los Caballeros : _bPalabra Multimedia, _c2012. |
||
| 300 |
_a49 p. ; _c23 cm. |
||
| 490 | 1 | _aLibro de la Rosa | |
| 500 | _aIncluye datos biográficos del autor en las solapas | ||
| 830 | 0 |
_aLibro de la Rosa _965885 |
|
| 999 |
_c39182 _d39182 |
||